[Event "EST ch U14 2019"]
[Site "Tallinn"]
[Date "2019.04.20"]
[Round "6.2"]
[White "Pedmanson, Herman"]
[Black "Nikitin, Arseni"]
[Result "1-0"]
[WhiteElo "1849"]
[BlackElo "1873"]
[Annotator "Dell"]
[PlyCount "83"]
[EventDate "2019.04.18"]
[EventType "swiss"]
[EventRounds "4"]
[EventCountry "EST"]

1. Nf3 d5 2. d4 Nf6 3. Bf4 c5 4. c3 Nc6 5. e3 Qb6 6. Qc1 Bf5 7. Nh4 e6 8. Nxf5
exf5 9. Bd3 g6 10. O-O c4 11. Bc2 Be7 12. b3 Na5 13. b4 Nc6 14. a4 a5 15. b5
Nd8 16. f3 O-O 17. Nd2 Ne6 18. Bg3 Rac8 19. Qe1 (19. e4 Nh5 20. Bf2 Nhf4 21.
Re1 $13) 19... Rfe8 20. Qf2 Nh5 21. Be5 f6 22. g4 fxe5 23. gxh5 exd4 24. exd4
Nf4 25. Bxf5 Qc7 $4 (25... gxf5 26. Qg3+ Kf7 27. Qxf4 Qf6 $19) 26. Bxc8 Qxc8
27. Kh1 Bd6 28. Rae1 Rf8 29. hxg6 hxg6 30. Qg3 Qd7 31. Ne4 dxe4 32. fxe4 Qf7
33. e5 Qd5+ 34. Kg1 Bxe5 35. Rxe5 Qxe5 36. dxe5 Ne2+ 37. Kg2 Nxg3 38. Rxf8+
Kxf8 39. hxg3 Ke7 40. Kf3 Ke6 41. Ke4 b6 42. g4 1-0

[Event "EST ch U14 2019"]
[Site "Tallinn"]
[Date "2019.04.20"]
[Round "6.3"]
[White "Pedmanson, Albert"]
[Black "Sadekov, Maksim"]
[Result "0-1"]
[WhiteElo "1956"]
[BlackElo "1780"]
[Annotator "Dell"]
[PlyCount "63"]
[EventDate "2019.04.18"]
[EventType "swiss"]
[EventRounds "4"]
[EventCountry "EST"]

1. d4 d5 2. Bf4 c5 3. e3 e6 4. Nf3 Nc6 5. c3 Nf6 6. Bd3 Be7 7. Nbd2 O-O 8. h4
Bd7 9. Qb1 a6 10. Ne5 b5 11. Ndf3 cxd4 12. exd4 b4 13. Ng5 Be8 ({Kui} 13... g6
{, siis} 14. h5 $1 {ja valge rünnak võidab variantides} Nxh5 (14... Nxe5 15.
Bxe5 Ng4 16. hxg6 Nxe5 17. gxf7+ Rxf7 18. Bxh7+ Kf8 19. Bg6 $3 Rg7 20. Rh8+ Rg8
21. Rxg8+ Kxg8 22. Bf7+ Kf8 23. Nxe6+ Bxe6 24. Bxe6 Nf7 25. Qh7 Qe8 26. Kf1 Bf6
27. Re1 $18) 15. Nxc6 Bxc6 16. Rxh5 gxh5 17. Bxh7+ Kh8 (17... Kg7 18. Nxe6+
fxe6 19. Qg6+ Kh8 20. Bg8 Rxg8 (20... Rf7 21. Bxf7 Qf8 22. Be5+) 21. Qh6#) 18.
Be5+ Bf6 19. Bg8 Rxg8 20. Qh7#) (13... h6 $4 14. Bh7+ Kh8 15. Nexf7+ Rxf7 16.
Nxf7#) 14. Bxh7+ Kh8 15. h5 {Palju mõistlikum oli enametturiga edasi mängida
ja mitte kohest matti otsida.} (15. Bd3 $16) (15. O-O $16 Nh5 16. Nxc6 (16. Bg8
f5 $1 17. Nxe6 Qc8 18. Nxf8 Bxf8 19. Bxd5 Nxf4 20. Bxc6 $1 Bxc6 21. g3 $1 Be4
22. Qd1 $16) 16... Bxc6 17. Be3) 15... bxc3 16. Nxc6 (16. bxc3 Qa5 17. Rh3 Rc8
18. Qb7 Nxh7 19. Nxh7 Kxh7 20. Qxc8 $2 (20. Nxc6 $1 Rxc6 21. Qxe7 Rg8 22. Rc1
$13) 20... Nxd4) 16... Bxc6 17. h6 $2 (17. bxc3) 17... g6 18. Be5 (18. Bxg6
cxb2 19. Qxb2 fxg6 20. O-O $17) 18... cxb2 19. Qxb2 Bd6 $1 20. Qe2 Bb5 $19 21.
Qe3 Qa5+ 22. Kd1 (22. Qd2 Qxd2+ 23. Kxd2 Bxe5 24. dxe5 Nxh7 $19) 22... Qa4+ 23.
Ke1 Bb4+ 24. Qd2 Bxd2+ 25. Kxd2 Qb4+ 26. Kd1 Ba4+ 27. Ke2 Qb2+ 28. Kf1 (28. Kf3
Qc3+ 29. Ke2 Bb5+ 30. Kd1 Qxa1+ 31. Kd2 Qb2+ 32. Ke3 Qe2+ 33. Kf4 Qg4+ 34. Ke3
Qxg5+) 28... Qxa1+ 29. Ke2 Qb2+ 30. Kf1 Qc1+ 31. Ke2 Qxg5 32. f4 0-1

[Event "EST ch U14 2019"]
[Site "Tallinn"]
[Date "2019.04.20"]
[Round "6.4"]
[White "Tomson, Mihkel"]
[Black "Kokk, Karl Mattias"]
[Result "0-1"]
[WhiteElo "1794"]
[BlackElo "1684"]
[PlyCount "56"]
[EventDate "2019.04.18"]
[EventType "swiss"]
[EventRounds "4"]
[EventCountry "EST"]

1. e4 c5 2. d4 cxd4 3. c3 dxc3 4. Nxc3 Nc6 5. Nf3 d6 6. Bc4 e6 7. O-O Nf6 8.
Qe2 Be7 9. Rd1 e5 10. Bg5 Bg4 11. Bxf6 Bxf6 12. Nd5 O-O 13. Ne3 Nd4 14. Rxd4
Bxf3 15. Qxf3 exd4 16. Nf5 Rc8 17. Bb3 Rc5 18. Qg4 g6 19. Nh6+ Kg7 20. Nf5+ Kh8
21. Nh6 Rg5 22. Qf3 Kg7 23. Ng4 Qe7 24. Rd1 Rc8 25. h4 Rgc5 26. Qf4 Bxh4 27.
Qh6+ Kg8 28. f4 Rh5 0-1

[Event "EST ch U14 2019"]
[Site "Tallinn"]
[Date "2019.04.20"]
[Round "6.5"]
[White "Mikko, Rondo"]
[Black "Rikas, Artur"]
[Result "1/2-1/2"]
[WhiteElo "1863"]
[BlackElo "1665"]
[PlyCount "55"]
[EventDate "2019.04.18"]
[EventType "swiss"]
[EventRounds "4"]
[EventCountry "EST"]

1. Nf3 c5 2. c4 Nc6 3. Nc3 e5 4. g3 g6 5. Bg2 Bg7 6. O-O Nge7 7. b3 O-O 8. e4
d6 9. d3 h6 10. Nd5 f5 11. Bb2 Nxd5 12. cxd5 Nd4 13. Nxd4 cxd4 14. f3 Bd7 15.
Qd2 f4 16. Ba3 Bb5 17. Rfd1 a5 18. Qf2 Qd7 19. g4 Rac8 20. Bf1 Rc3 21. Bb2 Rc7
22. Qd2 b6 23. Rdc1 Rfc8 24. Rxc7 Rxc7 25. Rc1 Bf6 26. Rxc7 Qxc7 27. Qc1 Qxc1
28. Bxc1 1/2-1/2

[Event "EST ch U14 2019"]
[Site "Tallinn"]
[Date "2019.04.20"]
[Round "6.6"]
[White "Kang, Paul"]
[Black "Savinov, Matvei"]
[Result "0-1"]
[WhiteElo "1471"]
[BlackElo "1834"]
[PlyCount "140"]
[EventDate "2019.04.18"]
[EventType "swiss"]
[EventRounds "4"]
[EventCountry "EST"]

1. e4 e5 2. Nf3 Nc6 3. Bb5 a6 4. Ba4 Nf6 5. O-O b5 6. Bb3 Bc5 7. c3 d6 8. h3
Bb7 9. Re1 O-O 10. d4 Bb6 11. Be3 Re8 12. d5 Nb8 13. Bxb6 cxb6 14. Nbd2 Nbd7
15. Bc2 Nh5 16. Nf1 Nf4 17. Ng3 Nf8 18. Nf5 Bc8 19. Ng3 N8g6 20. Qd2 Qf6 21.
Bd1 Bd7 22. Qe3 Rab8 23. a4 bxa4 24. Bxa4 Bxa4 25. Rxa4 a5 26. Nf5 Ne7 27. N3h4
Qg5 28. Qg3 Qxg3 29. Nxg3 Nd3 30. Rb1 Nc5 31. Ra3 a4 32. Kf1 g6 33. Ke2 b5 34.
Nf3 b4 35. Raa1 bxc3 36. bxc3 Rxb1 37. Rxb1 Nb3 38. Nd2 Nc5 39. Nc4 Ra8 40. Ra1
Ra6 41. Ke3 f5 42. Kf3 fxe4+ 43. Nxe4 Nb3 44. Ra3 Nxd5 45. Ncxd6 Nxc3 46. Nxc3
Rxd6 47. Nxa4 Rf6+ 48. Ke3 Nd4 49. Rd3 Rf4 50. Nc5 Kf7 51. g3 Nf5+ 52. Ke2 Nd4+
53. Ke3 Nf5+ 54. Ke2 Rc4 55. Nd7 Nd4+ 56. Ke3 Nc6 57. Rd6 Ke7 58. Rd3 Nb4 59.
Nxe5 Rc5 60. Nd7 Nxd3 61. Nxc5 Nxc5 62. Kf4 Kf6 63. h4 h6 64. f3 Ne6+ 65. Ke4
g5 66. h5 g4 67. f4 Ng7 68. Ke3 Kf5 69. Kf2 Nxh5 70. Kg2 Nxf4+ 0-1

[Event "EST ch U14 2019"]
[Site "Tallinn"]
[Date "2019.04.20"]
[Round "6.7"]
[White "Nazarov, Vladislav"]
[Black "Shnurov, Daniil"]
[Result "1/2-1/2"]
[WhiteElo "1754"]
[BlackElo "1647"]
[PlyCount "80"]
[EventDate "2019.04.18"]
[EventType "swiss"]
[EventRounds "4"]
[EventCountry "EST"]

1. c4 e5 2. Nc3 Nf6 3. g3 c6 4. Bg2 d5 5. cxd5 cxd5 6. d4 e4 7. Bg5 Bb4 8. e3
Bxc3+ 9. bxc3 O-O 10. Bxf6 Qxf6 11. Qb3 Qd6 12. Ne2 b6 13. O-O Ba6 14. Rfe1 Bc4
15. Qb2 Nc6 16. Nf4 f5 17. Bf1 Bxf1 18. Rxf1 g5 19. Ne2 Na5 20. Qb4 Qxb4 21.
cxb4 Nc4 22. Nc3 Rad8 23. Rfc1 Nd2 24. Nb5 a5 25. bxa5 bxa5 26. Nc7 Rf6 27. Rc5
Rh6 28. Kg2 f4 29. Nxd5 Nf3 30. Rh1 Rb8 31. Ne7+ Kf8 32. Nf5 Rf6 33. Rxa5 fxe3
34. Nxe3 Nxd4 35. Rd1 Nf3 36. Ra7 Ne5 37. Rxh7 Nf7 38. Ng4 Rf5 39. Nh6 Nxh6 40.
Rxh6 Rb2 1/2-1/2

[Event "EST ch U14 2019"]
[Site "Tallinn"]
[Date "2019.04.20"]
[Round "6.8"]
[White "Snitsarenko, Igor"]
[Black "Köösel, Hans-Georg"]
[Result "1-0"]
[WhiteElo "1515"]
[BlackElo "1748"]
[PlyCount "70"]
[EventDate "2019.04.18"]
[EventType "swiss"]
[EventRounds "4"]
[EventCountry "EST"]

1. e4 e5 2. Nf3 Nf6 3. Nxe5 d6 4. Nf3 Nxe4 5. d4 Be7 6. Bd3 Nf6 7. O-O Bg4 8.
h3 Bh5 9. Bg5 Nbd7 10. Re1 O-O 11. Nbd2 h6 12. Bh4 Re8 13. c3 Nb6 14. Qb3 Qd7
15. g4 Nxg4 16. hxg4 Bxg4 17. Rxe7 Rxe7 18. Bxe7 Qxe7 19. Re1 Qf6 20. Re3 Rf8
21. a4 c6 22. c4 Rb8 23. Kf1 d5 24. c5 Nd7 25. Ke1 h5 26. Kd1 h4 27. Kc1 Qh6
28. Qd1 g5 29. Qg1 Bxf3 30. Nxf3 f6 31. Qg4 Nf8 32. Bf5 Ng6 33. Bxg6 Qxg6 34.
Nxh4 Qh7 35. Qe6+ Kh8 1-0

[Event "EST ch U14 2019"]
[Site "Tallinn"]
[Date "2019.04.20"]
[Round "6.9"]
[White "Snitsarenko, Ilja"]
[Black "Levchenko, Marina"]
[Result "0-1"]
[WhiteElo "1290"]
[BlackElo "1616"]
[Annotator "Dell"]
[PlyCount "74"]
[EventDate "2019.04.18"]
[EventType "swiss"]
[EventRounds "4"]
[EventCountry "EST"]

1. e4 c5 2. Nf3 d6 3. d4 cxd4 4. Nxd4 Nf6 5. f3 a6 6. c4 e6 7. Nc3 Be7 8. Be2
O-O 9. Be3 Nc6 10. O-O Qc7 11. Kh1 Rd8 12. f4 Rb8 13. a4 b6 14. Rb1 Bb7 15. b4
d5 16. e5 Ne8 (16... dxc4 17. exf6 Bxf6 $19) 17. b5 (17. cxd5) 17... Nxd4 18.
Qxd4 Bc5 19. Qd2 d4 20. Bg1 dxc3 21. Qxc3 Bxg1 22. Rxg1 axb5 23. axb5 Qc5 24.
Qh3 g6 25. Rbd1 Ng7 26. Qh4 Qc7 27. Rd6 Rxd6 28. exd6 Qxd6 29. Rd1 Qc7 30. Qf6
Nf5 31. Bf3 Bxf3 32. gxf3 Qe7 33. Qe5 Rd8 34. Rc1 Qd6 35. Qc3 Qd4 36. Qe1 Qxf4
37. c5 Rd2 0-1

[Event "EST ch U14 2019"]
[Site "Tallinn"]
[Date "2019.04.20"]
[Round "6.10"]
[White "Krivenko, Dion"]
[Black "Rychagov, Nikita"]
[Result "1/2-1/2"]
[WhiteElo "1779"]
[BlackElo "1792"]
[Annotator "Dell"]
[PlyCount "71"]
[EventDate "2019.04.18"]
[EventType "swiss"]
[EventRounds "4"]
[EventCountry "EST"]

1. e4 e5 2. Nf3 Nc6 3. d4 exd4 4. c3 d5 5. exd5 Qxd5 6. cxd4 Bb4+ 7. Nc3 Bg4 8.
Be2 Nf6 (8... Bxf3 9. Bxf3 Qc4) 9. O-O Qd7 10. Ne5 (10. d5 Bxf3 11. Bxf3 Ne7
12. Bg5 Bd6 13. Bxf6 gxf6 14. Re1 O-O-O 15. Qd4 Kb8 16. Qxf6) 10... Nxe5 11.
dxe5 Qxd1 12. Bxd1 Bxd1 13. exf6 Bxc3 14. bxc3 Bg4 15. h3 (15. fxg7 Rg8 16.
Re1+ Be6 17. f4 O-O-O 18. f5 Bxf5 19. Bg5 Rd5 20. Bf6) 15... Be6 16. fxg7 Rg8
17. Bh6 O-O-O (17... f6) 18. Rfd1 Rxd1+ 19. Rxd1 Bxa2 20. Ra1 Bd5 21. Rxa7 Kd7
22. g4 Ke6 23. Ra5 c6 24. f4 f5 25. Ra7 b5 26. Kf2 (26. Bg5 Be4 27. Re7+ Kd6
28. Bf6 $18) 26... Kf6 27. g5+ Ke6 28. h4 Kd6 29. h5 Kc5 30. Ke2 Kc4 31. Kd2
Rd8 32. Kc2 (32. g6 $1 hxg6 (32... Bg8+ 33. Kc2 hxg6 34. Bg5 Re8 35. h6 $18)
33. Bg5 $1 Re8 34. h6 Bg8 35. Rf7 $18) 32... c5 33. g6 hxg6 34. hxg6 (34. Bg5
$1 Re8 35. Be7 $1 gxh5 36. Rc7 Be4+ 37. Kd2 $18) 34... Rd6 35. Rc7 Rxg6 36. Bg5
1/2-1/2

[Event "EST ch U14 2019"]
[Site "Tallinn"]
[Date "2019.04.20"]
[Round "6.11"]
[White "Olde, Karl Erik"]
[Black "Padari, Tuudur Jakob"]
[Result "1-0"]
[WhiteElo "1864"]
[BlackElo "1560"]
[PlyCount "119"]
[EventDate "2019.04.18"]
[EventType "swiss"]
[EventRounds "4"]
[EventCountry "EST"]

1. d4 d5 2. c4 Bf5 3. e3 e6 4. Nc3 Nf6 5. Nf3 Bd6 6. Bd3 Bxd3 7. Qxd3 O-O 8.
O-O Nbd7 9. b3 b6 10. e4 dxe4 11. Nxe4 Nxe4 12. Qxe4 Nf6 13. Qc2 c5 14. Bb2 Qe7
15. Rfe1 cxd4 16. Nxd4 Bc5 17. Nf5 Qb7 18. Nh6+ Kh8 19. Bxf6 gxf6 20. Qc3 Be7
21. Rad1 Rad8 22. Rxd8 Bxd8 23. g3 Qd7 24. Ng4 e5 25. Ne3 Be7 26. Rd1 Qe6 27.
Nd5 Rd8 28. Re1 a5 29. Qf3 Rg8 30. Qe3 Rb8 31. Nxe7 Qxe7 32. f4 Qc5 33. Qxc5
bxc5 34. fxe5 Re8 35. Rf1 fxe5 36. Rxf7 Kg8 37. Rc7 e4 38. Rxc5 e3 39. Kf1 Rf8+
40. Ke1 Rf2 41. Rxa5 Rxh2 42. c5 Rc2 43. b4 Kf7 44. Ra3 e2 45. Re3 Rxa2 46.
Rxe2 Ra3 47. Kf2 Rb3 48. Re4 Rc3 49. Re3 Rc4 50. Rb3 Ke6 51. Kf3 Kd5 52. Rd3+
Kc6 53. Rd6+ Kc7 54. Rb6 h5 55. Rh6 Rxb4 56. Rxh5 Kc6 57. Rf5 Rc4 58. g4 Rxc5
59. Rxc5+ Kxc5 60. Ke4 1-0

[Event "EST ch U14 2019"]
[Site "Tallinn"]
[Date "2019.04.20"]
[Round "6.12"]
[White "Sizov, Lev"]
[Black "Luik, Ott-Robert"]
[Result "0-1"]
[WhiteElo "1687"]
[BlackElo "1521"]
[Annotator "Dell"]
[PlyCount "80"]
[EventDate "2019.04.18"]
[EventType "swiss"]
[EventRounds "4"]
[EventCountry "EST"]

1. c4 e6 2. d4 d5 3. Nc3 Nf6 4. Bg5 Be7 5. cxd5 exd5 6. e3 O-O 7. h3 Be6 8. g3
h6 9. Bxf6 Bxf6 10. Bg2 Na6 11. Qb3 c6 12. Qxb7 Qc8 13. Qxc8 Raxc8 14. Nge2 Rb8
15. Rb1 Nb4 16. O-O Rfe8 17. a3 Nd3 18. b4 Bf5 19. Rb3 g5 20. Rd1 Nxf2 21. Rf1
Nxh3+ 22. Bxh3 Bxh3 23. Rxf6 Rxe3 24. Rxh6 Bg4 25. Rb2 Rbe8 26. Kf2 Rf3+ 27.
Kg2 Rfe3 28. Kf2 Rf3+ 29. Ke1 Rxc3 30. Kf2 Bxe2 31. Rxe2 Rxe2+ 32. Kxe2 Rxg3
33. Rxc6 Rxa3 34. Rd6 Kg7 35. Rxd5 f6 36. Rd7+ Kg6 37. d5 Kf5 38. Rd8 Rb3 39.
Rd7 Rxb4 40. Rxa7 Rd4 0-1

[Event "EST ch U14 2019"]
[Site "Tallinn"]
[Date "2019.04.20"]
[Round "6.13"]
[White "Rychagov, Anton"]
[Black "Kull, Tormi"]
[Result "0-1"]
[WhiteElo "1470"]
[BlackElo "1623"]
[Annotator "Dell"]
[PlyCount "68"]
[EventDate "2019.04.18"]
[EventType "swiss"]
[EventRounds "4"]
[EventCountry "EST"]

1. e4 Nf6 2. Nc3 d5 3. exd5 Nxd5 4. Qf3 Nb4 5. Bc4 e6 6. Bb3 N8c6 7. a3 Nd4 8.
Ba4+ c6 (8... Bd7 $19) 9. Qd1 Nd5 10. Nge2 Nf5 11. d3 Bd6 12. Ne4 Bc7 13. c3
O-O 14. N2g3 Nf4 15. Bxf4 Bxf4 16. Bc2 e5 17. Ne2 Bh6 18. O-O Nh4 19. d4 f5 20.
Nd2 Qg5 21. Bb3+ $2 (21. g3 f4 $1 (21... Qxd2 22. gxh4) 22. dxe5 fxg3 (22...
Bh3 23. Nd4 fxg3 24. hxg3 Qxd2 25. Qxd2 Bxd2 26. gxh4 Bxf1 27. Rxf1 $15) 23.
hxg3 Bh3 24. Nd4 Rxf2 $1 25. Ne4 Rg2+ 26. Kh1 Qxe5 27. Nf3 $1 Nxf3 28. Qxf3 $17
) 21... Kh8 22. Ng3 $2 (22. g3 f4 $1 23. dxe5 Bh3 24. Nd4 fxg3 25. hxg3 Rxf2
26. Ne4 Rg2+ 27. Kh1 Qxe5 28. Nf3 Qxe4) 22... Qxd2 23. dxe5 Qxd1 24. Raxd1 Bg5
25. Rfe1 Be7 26. e6 b5 27. c4 a5 28. cxb5 cxb5 29. Bd5 Ra6 30. Nh5 f4 31. g3
fxg3 32. hxg3 Ng6 33. Rc1 Rd6 34. Rcd1 Rf5 0-1

[Event "EST ch U14 2019"]
[Site "Tallinn"]
[Date "2019.04.20"]
[Round "6.14"]
[White "Lazojev, Mark"]
[Black "Raide, Sivert"]
[Result "1-0"]
[WhiteElo "1518"]
[BlackElo "1584"]
[Annotator "Dell"]
[PlyCount "97"]
[EventDate "2019.04.18"]
[EventType "swiss"]
[EventRounds "4"]
[EventCountry "EST"]

1. e4 e6 2. d4 d5 3. Nc3 Bb4 4. exd5 exd5 5. Nf3 Nf6 6. Bg5 h6 7. Bh4 Be6 8.
Bd3 a6 9. O-O O-O 10. Re1 Re8 $4 (10... c5 $11) 11. Bxf6 Qxf6 (11... gxf6 12.
Nh4 $18) 12. Nxd5 Bxd5 (12... Qd8 13. Nxb4 a5 14. a3 axb4 15. axb4 $18) 13.
Rxe8+ Bf8 14. Re3 Nc6 15. Be4 Bxe4 16. Rxe4 Rd8 17. c3 Bd6 18. Qe2 g5 19. Re8+
Rxe8 20. Qxe8+ Kg7 21. Qe4 h5 22. Re1 g4 23. Ne5 Qg5 24. Nxc6 f5 25. Qe6 bxc6
26. Qd7+ Kg8 27. Re8+ Bf8 28. g3 f4 29. Qe6+ Kg7 30. Qe5+ Qxe5 31. Rxe5 fxg3
32. fxg3 Kg6 33. Ra5 Bd6 34. Rxa6 c5 35. dxc5 Kf5 36. cxd6 cxd6 37. Rxd6 h4 38.
gxh4 g3 39. hxg3 Kg4 40. Rf6 Kxg3 41. c4 Kxh4 42. c5 Kg5 43. Rf1 Kg6 44. c6 Kg5
45. c7 Kg6 46. c8=Q Kg5 47. Qg8+ Kh6 48. Rf2 Kh5 49. Rh2# 1-0

[Event "EST ch U14 2019"]
[Site "Tallinn"]
[Date "2019.04.20"]
[Round "6.15"]
[White "Dukov, Vladimir"]
[Black "Pallum, Rasmus"]
[Result "1-0"]
[WhiteElo "1576"]
[BlackElo "1394"]
[PlyCount "91"]
[EventDate "2019.04.18"]
[EventType "swiss"]
[EventRounds "4"]
[EventCountry "EST"]

1. e4 c6 2. d4 d5 3. exd5 cxd5 4. Bd3 Nc6 5. Nf3 Bg4 6. c3 Nf6 7. Bf4 e6 8.
Nbd2 Bd6 9. Bxd6 Qxd6 10. O-O O-O 11. Qc2 Rac8 12. Rae1 Nb4 13. Qb1 Nxd3 14.
Qxd3 Bf5 15. Qe2 Rc7 16. Nh4 Bc2 17. Nc4 Rxc4 18. Qxc2 Ng4 19. Nf3 Rfc8 20. h3
Nf6 21. Qb3 R4c6 22. Ne5 Rb6 23. Qc2 Nd7 24. f4 Nxe5 25. fxe5 Qb4 26. Qf2 Qe7
27. Re3 Ra6 28. b4 b5 29. g4 Rac6 30. Rf3 R8c7 31. Qg3 Qe8 32. h4 Qc8 33. Rc1
Rc4 34. Qf4 Rxb4 35. Kg2 Rb2+ 36. Kg3 Rxa2 37. h5 h6 38. g5 hxg5 39. Qxg5 b4
40. h6 g6 41. Qf6 Qf8 42. h7+ Kxh7 43. Rh1+ Qh6 44. Rxh6+ Kxh6 45. Qh8+ Kg5 46.
Qh4# 1-0

[Event "EST ch U14 2019"]
[Site "Tallinn"]
[Date "2019.04.20"]
[Round "6.16"]
[White "Narva, Jaan Oskar"]
[Black "Provodin, Aleksandr"]
[Result "0-1"]
[WhiteElo "1396"]
[BlackElo "1360"]
[PlyCount "86"]
[EventDate "2019.04.18"]
[EventType "swiss"]
[EventRounds "4"]
[EventCountry "EST"]

1. e4 c5 2. Nf3 e6 3. Nc3 a6 4. d4 cxd4 5. Nxd4 Qc7 6. a3 Nf6 7. Be3 Be7 8. Bd3
O-O 9. O-O b5 10. f4 d6 11. Nf3 Nbd7 12. h3 Bb7 13. Nd2 e5 14. f5 d5 15. g4 d4
16. g5 dxe3 17. gxf6 Nxf6 18. Nf3 Bc5 19. Kh2 Rad8 20. Qe2 Bd4 21. Rg1 Bxc3 22.
bxc3 Nxe4 23. Qg2 f6 24. Kh1 Nxc3 25. Bf1 Rd2 26. Qg3 Rf2 27. Bg2 Ne2 28. Qg4
Nxg1 29. Rxg1 Qxc2 30. Ne1 Bxg2+ 31. Nxg2 e4 32. h4 Rd8 33. h5 h6 34. Qg3 Rd1
35. Qb8+ Kh7 36. Qg3 Rxg1+ 37. Kxg1 Qd1+ 38. Kh2 Qxh5+ 39. Kg1 Qg5 40. Qh3 Qxf5
41. Qxf5+ Rxf5 42. Nxe3 Rf3 43. Nd1 Rxa3 0-1

[Event "EST ch U14 2019"]
[Site "Tallinn"]
[Date "2019.04.20"]
[Round "6.17"]
[White "Rajandu, Aaron"]
[Black "Naestema, Joonas Aditya"]
[Result "0-1"]
[WhiteElo "1274"]
[BlackElo "1684"]
[PlyCount "56"]
[EventDate "2019.04.18"]
[EventType "swiss"]
[EventRounds "4"]
[EventCountry "EST"]

1. e4 d5 2. exd5 Nf6 3. Nf3 Nxd5 4. d4 g6 5. c4 Nb6 6. Nc3 Bg7 7. h3 Nc6 8. Be3
O-O 9. Be2 e5 10. d5 Ne7 11. Bc5 Re8 12. O-O Nf5 13. Nb5 a6 14. Nc3 e4 15. Nd2
e3 16. fxe3 Nxe3 17. Bxe3 Rxe3 18. Rc1 Bxh3 19. Nb3 Qe7 20. Rf3 Bxc3 21. c5
Rxe2 22. d6 cxd6 23. cxd6 Re1+ 24. Qxe1 Qxe1+ 25. Rxe1 Bxe1 26. Re3 Bb4 27. Re7
Nd7 28. Nd4 Bc5 0-1

[Event "EST ch U14 2019"]
[Site "Tallinn"]
[Date "2019.04.21"]
[Round "7.1"]
[White "Andrijashkin, Deniss"]
[Black "Savinov, Matvei"]
[Result "1-0"]
[WhiteElo "1957"]
[BlackElo "1834"]
[PlyCount "125"]
[EventDate "2019.04.18"]
[EventType "swiss"]
[EventRounds "4"]
[EventCountry "EST"]

1. e4 e5 2. Nf3 Nc6 3. Bc4 Be7 4. d3 Nf6 5. O-O O-O 6. Re1 d6 7. c3 Bg4 8. Nbd2
Rb8 9. Bb3 Re8 10. Nf1 Bf8 11. Ng3 g6 12. h3 Bxf3 13. Qxf3 Bg7 14. h4 Na5 15.
Bd1 h6 16. b4 Nc6 17. h5 Kh7 18. Bb3 Qd7 19. Kf1 Nd8 20. Ke2 Qg4 21. Qxg4 Nxg4
22. f3 Nf6 23. Be3 a6 24. Rh1 c6 25. Rh2 Nxh5 26. Nxh5 gxh5 27. Rxh5 Kg6 28.
Rah1 Rh8 29. g3 Ne6 30. f4 exf4 31. gxf4 Kf6 32. Rg1 Rbg8 33. f5 Ng5 34. Bxg5+
hxg5 35. Rhxg5 Rh7 36. d4 Re8 37. Kd3 Rh3+ 38. R5g3 Rxg3+ 39. Rxg3 Bf8 40. Rh3
Rd8 41. Rh7 Rd7 42. a4 b6 43. Ke3 d5 44. b5 axb5 45. axb5 cxb5 46. Bxd5 b4 47.
cxb4 Bxb4 48. Rh6+ Kg5 49. Rxb6 Ba5 50. Rb5 Bd8 51. Rb8 Bc7 52. Rb7 Bf4+ 53.
Kf3 Rxb7 54. Bxb7 Bc1 55. Bc8 Kf6 56. e5+ Ke7 57. f6+ Kd8 58. Bg4 Bb2 59. Ke4
Ke8 60. Bh5 Bc3 61. e6 Kf8 62. Bxf7 Bxd4 63. e7+ 1-0

[Event "EST ch U14 2019"]
[Site "Tallinn"]
[Date "2019.04.21"]
[Round "7.2"]
[White "Sadekov, Maksim"]
[Black "Pedmanson, Herman"]
[Result "0-1"]
[WhiteElo "1780"]
[BlackElo "1849"]
[Annotator "Dell"]
[PlyCount "76"]
[EventDate "2019.04.18"]
[EventType "swiss"]
[EventRounds "4"]
[EventCountry "EST"]

1. d4 f5 {Viimase vooru väga tähtsaks kohtumiseks valib Herman avangu, mida
me temaga trennis olime umbes aasta tagasi vaadanud.} 2. e3 Nf6 3. c4 e6 4. Nc3
b6 5. Nf3 Bb7 6. Be2 Bb4 7. Bd2 O-O 8. a3 Bxc3 9. Bxc3 Ne4 10. Qc2 d6 11. b4
Nd7 12. Bb2 Ndf6 (12... Ng5 13. Qd1 Nxf3+ 14. Bxf3 Be4 15. Bxe4 fxe4 16. d5 e5
17. Qg4 Nf6 18. Qe6+ Rf7 19. O-O Qf8 20. f4 exf3 21. Rxf3 Qc8 22. Qxc8+ Rxc8
23. Rc1 c5 24. b5 a6 25. bxa6 Ra7 26. Rf2 Rxa6 27. Rb1 Ne4 28. Rc2 Rf8 29. Bc1
h5 30. Bb2 Ra4 31. h4 Rf6 32. Kh2 Rf2 33. Rbc1 Rd2 34. Kh3 Rd3 35. Re1 Nd2 {
0-1 (35) Nikolic,P (2570)-Timman,J (2610) Amsterdam 1984}) 13. O-O c5 $6 {
Selle käiguga lubab must valgel valida, millal ta soovib diagonaali a1-h8
või d-liini avada. Õige on} (13... Qe7 14. Nd2 Nxd2 15. Qxd2 Ne4 16. Qc1 Rae8
17. f3 Ng5 18. Qc3 Rf6 19. c5 Bd5 20. Rac1 Rg6 21. Kh1 Nf7 22. Qe1 e5 23. cxd6
Rxd6 24. dxe5 Nxe5 25. Qc3 c6 26. Rfd1 Rg6 27. b5 Qg5 28. Rg1 Rh6 29. Qe1 Qxe3
30. Rc3 Qf4 31. h3 Nxf3 32. Rxf3 Bxf3 33. Bc4+ Kf8 34. Bxg7+ Kxg7 35. gxf3+ Kf6
36. Qf1 Re1 {0-1 (36) Ruban,V-Oll,L (2365) Yaroslavl 1983}) 14. Rfd1 Nxf2 $6 {
Arvuti seda vahetust eriti ei hinda. Ilmselt ongi valged kerged vigurid
vankrist ja kahest etturist tugevamad, kuid edasise mängu käigus õnnestub
mustal oma trumbid paremini käiku lasta.} (14... Ng4 15. dxc5 bxc5) 15. Kxf2
Ng4+ 16. Kg1 Nxe3 17. Qc3 Nxd1 18. Rxd1 Qe7 19. dxc5 dxc5 (19... bxc5 $2 20.
Rxd6 $18) 20. bxc5 bxc5 21. Ne5 Rad8 22. Re1 Rd4 $1 23. Qg3 f4 (23... Re4 $5)
24. Qh3 $2 Re4 $1 {Äkki on valgete vigurite koostöö kadunud, mustad
tegutsevad aga ühtse löögirusikana.} 25. Kf2 Re3 26. Qg4 Rf5 27. Rd1 $4 ({
Vajalik oli} 27. Nf3 h5 28. Qh3 $13 (28. Qg6 $4 Bxf3 29. Bxf3 Qh4+ $19)) 27...
h5 28. Qg6 Rg5 29. Rd7 Rxg6 30. Rxe7 Rxg2+ 31. Kf1 Rexe2 32. Bc3 Be4 33. Re8+
Kh7 34. Nf7 Ref2+ 35. Ke1 Rc2 36. Rh8+ Kg6 37. Ne5+ Kg5 38. Nf7+ Kh4 0-1

[Event "EST ch U14 2019"]
[Site "Tallinn"]
[Date "2019.04.21"]
[Round "7.3"]
[White "Kokk, Karl Mattias"]
[Black "Protassov, Vlad"]
[Result "0-1"]
[WhiteElo "1648"]
[BlackElo "2036"]
[PlyCount "96"]
[EventDate "2019.04.18"]
[EventType "swiss"]
[EventRounds "4"]
[EventCountry "EST"]

1. e4 c6 2. d4 d5 3. exd5 cxd5 4. Bd3 Nc6 5. c3 Nf6 6. Bf4 Bg4 7. Nf3 e6 8. Qb3
Qc8 9. Ne5 Nxe5 10. Bxe5 Nd7 11. Bg3 Be7 12. O-O O-O 13. Qc2 Nf6 14. Be5 Bf5
15. Nd2 Bxd3 16. Qxd3 Qd7 17. Rae1 Ng4 18. Qh3 f5 19. Qg3 Nxe5 20. dxe5 Rac8
21. Nb3 Rc4 22. f4 b5 23. Kh1 Rfc8 24. Re3 a5 25. Nd2 R4c7 26. Qf3 b4 27. Rd1
Qa4 28. Ra1 Qc2 29. Nb3 Qxb2 30. Rae1 bxc3 31. Nc1 Rc4 32. g4 Rf8 33. g5 a4 34.
Qd1 Qd2 35. Qf3 Bc5 36. R3e2 Qxf4 37. Qxf4 Rxf4 38. Nd3 Rc4 39. Rc2 Rb8 40.
Rec1 Ba3 41. Rg1 g6 42. Rf1 Be7 43. Rg1 a3 44. h3 Rb2 45. Nxb2 axb2 46. Rb1 Ba3
47. Kg2 d4 48. Kf2 d3 0-1

[Event "EST ch U14 2019"]
[Site "Tallinn"]
[Date "2019.04.21"]
[Round "7.4"]
[White "Nikitin, Arseni"]
[Black "Snitsarenko, Igor"]
[Result "1-0"]
[WhiteElo "1873"]
[BlackElo "1748"]
[PlyCount "93"]
[EventDate "2019.04.18"]
[EventType "swiss"]
[EventRounds "4"]
[EventCountry "EST"]

1. e4 c5 2. Nf3 e6 3. c4 Nc6 4. Nc3 Nd4 5. d3 Ne7 6. Nxd4 cxd4 7. Ne2 Nc6 8. g3
e5 9. Bg2 Be7 10. O-O O-O 11. f4 d6 12. h3 f5 13. Kh2 fxe4 14. Bxe4 Bf5 15.
Bd5+ Kh8 16. g4 Bg6 17. f5 Bf7 18. Bxf7 Rxf7 19. Ng3 d5 20. cxd5 Nb4 21. a3
Nxd5 22. Qe2 Bd6 23. Ne4 Nf4 24. Bxf4 exf4 25. Kg2 Rc8 26. Rac1 Rfc7 27. Nxd6
Qxd6 28. Rxc7 Qxc7 29. Qe4 Qb6 30. Rf2 h6 31. Qxf4 Qc6+ 32. Qf3 Re8 33. Qxc6
bxc6 34. Kg3 Re3+ 35. Rf3 Re2 36. b4 Kg8 37. Kh4 Kf7 38. Rf4 Ra2 39. Rxd4 Rxa3
40. Rd6 Rc3 41. Rd7+ Kf6 42. Kh5 c5 43. bxc5 Rxc5 44. Rd6+ Ke7 45. Ra6 Rc7 46.
Kg6 Rb7 47. Kxg7 1-0